Every Minecraft Smithing Template - Statistics

General Stats
  • This quiz has been taken 16 times
  • The average score is 13 of 19
Answer Stats
Hint Answer % Correct
Ancient City Silence
88%
Woodland Mansion Vex
88%
Ancient City Ward
88%
Shipwreck Coast
75%
Desert Temple Dune
75%
Nether Fortress Rib
75%
Pillager Outpost Sentry
75%
Bastion Remnant Snout
75%
Trial Chambers Bolt
63%
Stronghold Eye
63%
Trail Ruins Host
63%
Bastion Remnant Netherite Upgrade
63%
Trail Ruins Shaper
63%
End City Spire
63%
Ocean Monument Tide
63%
Trail Ruins Wayfinder
63%
Jungle Temple Wild
63%
Trial Chambers Flow
50%
Trail Ruins Raiser
50%
No matching quizzes found
Score Distribution
Percent of People with Each Score
Percentile by Number Answered
Your Score History
You have not taken this quiz